Country Compass - Nauru - Statistics

General Stats
  • This quiz has been taken 12 times
  • The average score is 6 of 6
Answer Stats
Country % Correct
China
100%
Russia
100%
United States
100%
Canada
90%
India
90%
Bangladesh
70%
No matching quizzes found
Score Distribution
Percent of People with Each Score
Percentile by Number Answered
Your Score History
You have not taken this quiz